000 00776nam a2200241Ia 4500
003 GCL
008 140319s9999 xx 000 0 ara d
020 _a1259224977
040 _aGCL /
_cGCL
082 0 4 _a576.5
_bم أ
100 1 _aمدحت حسين خليل محمد
245 1 0 _aاسس الوراثة الفسيولوجية /
_cمدحت حسين خليل محمد
250 _aالاولى
260 _aالامارات :
_bدار الكتاب الجامعى ،
_c2004
300 _a628 ص ؛
_c24 سم
650 0 4 _aالوراثة
650 0 4 _aالتكاثر
650 0 4 _aفسيولوجيا الوراثة
650 0 4 _aالهندسة الوراثية
650 0 4 _aتكاثر النبات
650 0 4 _aالوراثة الجينية
942 _2ddc
_cBK
999 _c5930
_d5930